<?xml version="1.0" encoding="UTF-8"?>
<record
    xmlns:xsi="http://www.w3.org/2001/XMLSchema-instance"
    xsi:schemaLocation="http://www.loc.gov/MARC21/slim http://www.loc.gov/standards/marcxml/schema/MARC21slim.xsd"
    xmlns="http://www.loc.gov/MARC21/slim">

  <leader>01208nam a2200325 a 4500</leader>
  <controlfield tag="001">C01291899c-9</controlfield>
  <controlfield tag="003">CO-ViMGA</controlfield>
  <controlfield tag="005">20230915233130.0</controlfield>
  <controlfield tag="008">111014s2011    sp a   gr     00010 spa d</controlfield>
  <datafield tag="020" ind1=" " ind2=" ">
    <subfield code="a">9788415163022</subfield>
  </datafield>
  <datafield tag="040" ind1=" " ind2=" ">
    <subfield code="a">CO-ViMGA</subfield>
    <subfield code="b">spa</subfield>
    <subfield code="c">CO-ViMGA</subfield>
  </datafield>
  <datafield tag="041" ind1="1" ind2=" ">
    <subfield code="h">por</subfield>
  </datafield>
  <datafield tag="082" ind1="0" ind2="4">
    <subfield code="a">741.59469 </subfield>
    <subfield code="b">F37a </subfield>
    <subfield code="2">19</subfield>
  </datafield>
  <datafield tag="100" ind1="1" ind2=" ">
    <subfield code="a">Fernandes, Jos&#xE9; Carlos.</subfield>
    <subfield code="9">3216</subfield>
  </datafield>
  <datafield tag="245" ind1="1" ind2="0">
    <subfield code="a">Agencia de viajes Lemming / </subfield>
    <subfield code="c">Jos&#xE9; Carlos Fernandes ; traducci&#xF3;n Diego Garc&#xED;a.</subfield>
  </datafield>
  <datafield tag="260" ind1=" " ind2=" ">
    <subfield code="a">Bilbao : </subfield>
    <subfield code="b">Astiberri, </subfield>
    <subfield code="c">2011.</subfield>
  </datafield>
  <datafield tag="300" ind1=" " ind2=" ">
    <subfield code="a">135 p. : </subfield>
    <subfield code="b">il. ; </subfield>
    <subfield code="c">18 x 25 cm.</subfield>
  </datafield>
  <datafield tag="534" ind1=" " ind2=" ">
    <subfield code="p">T&#xED;tulo original : </subfield>
    <subfield code="t">A agencia de viagens Lemming.</subfield>
  </datafield>
  <datafield tag="650" ind1="1" ind2="4">
    <subfield code="a">Geograf&#xED;a</subfield>
    <subfield code="v"> Novela gr&#xE1;fica.</subfield>
    <subfield code="9">3223</subfield>
  </datafield>
  <datafield tag="650" ind1="1" ind2="4">
    <subfield code="a">Geograf&#xED;a</subfield>
    <subfield code="x"> Tiras c&#xF3;micas, historietas, etc.</subfield>
    <subfield code="9">3222</subfield>
  </datafield>
  <datafield tag="650" ind1="1" ind2="4">
    <subfield code="a">Imaginaci&#xF3;n</subfield>
    <subfield code="v"> Novela gr&#xE1;fica.</subfield>
    <subfield code="9">3220</subfield>
  </datafield>
  <datafield tag="650" ind1="1" ind2="4">
    <subfield code="a">Imaginaci&#xF3;n</subfield>
    <subfield code="x"> Tiras c&#xF3;micas, historietas, etc.</subfield>
    <subfield code="9">3221</subfield>
  </datafield>
  <datafield tag="650" ind1="1" ind2="4">
    <subfield code="a">Novela gr&#xE1;fica portuguesa.</subfield>
    <subfield code="9">3217</subfield>
  </datafield>
  <datafield tag="650" ind1="1" ind2="4">
    <subfield code="a">Turismo</subfield>
    <subfield code="v"> Novela gr&#xE1;fica.</subfield>
    <subfield code="9">3224</subfield>
  </datafield>
  <datafield tag="650" ind1="1" ind2="4">
    <subfield code="a">Turismo</subfield>
    <subfield code="x"> Tiras c&#xF3;micas, historietas, etc.</subfield>
    <subfield code="9">3225</subfield>
  </datafield>
  <datafield tag="650" ind1="1" ind2="4">
    <subfield code="a">Viajes</subfield>
    <subfield code="v"> Novela gr&#xE1;fica.</subfield>
    <subfield code="9">3219</subfield>
  </datafield>
  <datafield tag="650" ind1="1" ind2="4">
    <subfield code="a">Viajes</subfield>
    <subfield code="x"> Tiras c&#xF3;micas, historietas, etc.</subfield>
    <subfield code="9">3218</subfield>
  </datafield>
  <datafield tag="700" ind1="1" ind2=" ">
    <subfield code="a">Garc&#xED;a, Diego, </subfield>
    <subfield code="e">tr.</subfield>
    <subfield code="9">3226</subfield>
  </datafield>
  <datafield tag="942" ind1=" " ind2=" ">
    <subfield code="2">ddc</subfield>
    <subfield code="c">BK</subfield>
  </datafield>
  <datafield tag="999" ind1=" " ind2=" ">
    <subfield code="c">35454</subfield>
    <subfield code="d">35454</subfield>
  </datafield>
  <datafield tag="952" ind1=" " ind2=" ">
    <subfield code="0">0</subfield>
    <subfield code="1">0</subfield>
    <subfield code="2">ddc</subfield>
    <subfield code="4">0</subfield>
    <subfield code="7">0</subfield>
    <subfield code="8">002</subfield>
    <subfield code="a">MEVIECAR</subfield>
    <subfield code="b">MEVIECAR</subfield>
    <subfield code="d">2016-04-27</subfield>
    <subfield code="l">0</subfield>
    <subfield code="o">741.59469 F37a </subfield>
    <subfield code="p">29980</subfield>
    <subfield code="r">2016-04-27 00:00:00</subfield>
    <subfield code="t">Ej. 1</subfield>
    <subfield code="w">2016-04-27</subfield>
    <subfield code="y">BK</subfield>
  </datafield>
</record>
